000 01267nam a2200349 a 4500
001 000108373
003 CHAP
005 20220329144010.0
008 140203s2012 it |r| ||||||fre d
010 _a104835
011 _a105807
020 _a9789252071631
040 _cCHAP
082 0 4 _a631.5
_bF213
110 1 _aFAO. Comisión de Recursos Genéticos para la Alimentación y la Agricultura
_9125293
245 1 0 _aDeuxième plan d'action mondial pour les ressources phytogenetiques pour l'alimentation et l'agriculture; Adopté par le Conseil de la FAO, Rome, Italie, 29 novembre 2011 /
_cpor FAO. Comisión de Recursos Genéticos para la Alimentación y la Agricultura.
260 _aRoma :
_bFAO,
_cc2012.
300 _a104 p.
590 _aE11695DGD
_b10
_c20140203
_lUCH01
_h1158
590 _aE5995AHE
_b05
_c20140203
_lUCH01
_h1147
590 _aE5995AHE
_b05
_c20140203
_lUCH01
_h1152
650 1 4 _aAgricultura
_91172
650 1 4 _aBiodiversidad.
_912724
650 1 4 _aGermoplasma.
_947766
650 1 4 _aRecursos alimentarios.
_9125292
650 1 4 _aRecursos genéticos vegetales.
_995086
650 1 4 _aRecursos genéticos
_xConservación.
_995081
650 1 4 _aSeguridad alimentaria.
_9103673
901 _aBK
942 _cLIBRO
942 _n0
999 _c104835
_d104835